02221 a2200217 45000010006000000050017000060080041000230030015000640400040000790800073001192450041001922640030002333000019002635051513002829420007017955900036018021000022018387000022018609990015018829520106018973899320260407155649.0260407a1973 arg spa dAR-UNSa-BCEJYS aAR-UNSa-BCEJYSbspacAR-UNSa-BCEJYS a658.8xOrganización de mercados. Marketing. Ventas. Distribución10aMercadotecniapun enfoque integrador 1aMéxico :bTrillasc1973 a807 p.c23 cm. aParte I: Introducción a la mercadotecnia contemporanea: 1. Introducción a la mercadotecnia contemporanea - 2. Retos específicos para la administración de mercadotecnia - 3. El mercado del consumidor - Parte II: El consumidor: 4. La mercadotecnia y la psicologia del consumidor - 5. Mecánica de la elección - Parte III: Instituciones de mercadotecnia: 6. Ventas al menudeo.Sus funciones y su crecimiento - 7. Posición contemporanea y tendencias en las ventas al menuedeo - 8. Ventas al menudeo en pequeña escala - 9. Ventas al menudeo en gran escala - 10. Mercadotecnia de los servicios - 11. Ventas al mayoreo e instituciones mayoristas - 12. Mercadotecnia industrial - 13. Perpectivas de mercadotecnia en la agricultura - 14. Constitución y manejo de los canales de distribución - 15. El gobierno en la plaza del mercado - Parte IV: Ciencia y estrategia de la mercadotecnia: 16. La administración de mercadotecnia y las ciencias - 17. Medidias de la eficiencia en mercadotecnia - 18. Investigación mercadotecnia y de operaciones - Parte V: Operaciones funcionales en mercadotecnia : 19. Coordinación del producto con el mercado - 20. Los precios como mecanismos de ajuste - 21. Factores que inhiben los ajustes perfectos de precios - 23. Comunicaciones de mrcadotecnia - 25. Finanzas y riesgo - Parte VI. Aspectos internacionales de la mercadotecnia: 26. Mercadotecnia internacional - 27. La mercadotecnia coo factor del desarrollo económico - 28. La mercadotecnia en perspectiva cBK aniveau_biblio:m niveau_hierar:01 aTaylor, Weldon J.1 aShaw, Roy T., Jr. c2937d2937 00104070aBCEJYSbBCEJYSc16d2026-04-07l0o658.8 T236pL25132r2026-04-07 15:56:49w2026-04-07yL